Deviner le pays par leur forme à l’envers - Statistiques

Statistiques générales
  • Ce quiz a été pris 59 fois
  • Le résultat moyen est 9 sur 16
Statistiques - réponses
Par images Réponse % Correct
Norvège
84%
Portugal
82%
Grèce
80%
Roumanie
62%
Bosnie-Herzégovine
56%
Macédoine du Nord
53%
Bulgarie
51%
Slovaquie
51%
Moldavie
49%
Belgique
47%
Estonie
47%
Lettonie
47%
Luxembourg
47%
Malte
47%
Lituanie
42%
Andorre
35%
Aucun quiz correspondant
Distribution des résultats
% des personnes avec chaque résultat
Percentile par nombre de réponses
Votre historique - résultats
Vous n’avez pas pris ce quiz